000 01270cam a22002054a 4500
005 20250605164049.0
008 250528s ||||||||||||||||||||||||d
035 _a17227
020 _a70662193
040 _aGR-AtMCL
_bgre
_dGR-AtMCL
_eAACR2
245 1 _aFundamental Methods of Mathematical Economics / Third Edition
250 _a3rd
260 _bMcgraw Hill Book Company,
_c1984
300 _a788
520 _aPreface, Introduction, Economic Models, Static (or Equilibrium) Analysis, Equilibrium Analysis in Economics, Linear Model and Matrix Algebra, Linear Models and Matrix Algebra (Continued), Comparative-Static Analysis, Rules of Differentiation and their Use in Comparative Statics, Optimization Problems, Optimization: A Special Variety of Equilibrium Analysis, Exponential and Logarithmic Functions, The Case of More than One Choice Variable, Optimization with Equality Constraints, Dynamic Analysis, Economic Dynamics and Integral Calculus, Higher-Order Differential Equations, Higher-Order Difference Equations, Mathematical Programming, Linear Programming, Nonlinear Programming, The Greek Alphabet, Mathematical Symbols, A Short Reading List, Index.
700 1 _aChiang Alpha C
_93392
942 _cBK
999 _c2659
_d2659